[Event "Druzynowe Mistrzostwa Polski - II Liga 2023"]
[Site "Jastrzebia Gora"]
[Date "1899-12-30"]
[Round "2.68"]
[White "Zakrzewski, Marek"]
[Black "Sidorczuk, Pawel"]
[Result "1/2-1/2"]
[WhiteTitle "FM"]
[BlackTitle "I+"]
[WhiteElo "2306"]
[BlackElo "2123"]

1. e4 e5 2. Nf3 Nc6 3. Bc4 Nf6 4. d3 h6 5. c3 d6 6. Nbd2 g5 7. h3 Bg7 8. d4 O-O
9. dxe5 dxe5 10. Qe2 Qd6 11. Nf1 Rd8 12. Ng3 Na5 13. Nd2 c5 14. O-O a6 15. a4
Qc6 16. Ba2 b5 17. Nf3 Qc7 18. b4 cxb4 19. cxb4 Nc4 20. Bxc4 Qxc4 21. Qxc4 bxc4
22. Bb2 Bb7 23. Rfe1 Nd7 24. Nf5 Bf8 25. Bc3 f6 26. Nd2 a5 27. bxa5 Nc5 28. f3
Ba6 29. Ne3 Nd3 30. Reb1 Bc5 31. Ndf1 Bd4 32. Ra3 Rab8 33. Rba1 Bc5 34. R3a2 Rb3
35. Rc2 Nf4 36. Kh2 Rd3 37. Nd1 Ne6 38. Nd2 Rbxc3 39. Nxc3 Nd4 40. Rac1 Nxc2 41.
Rxc2 Bb4 42. Ndb1 Bxa5 43. Nd5 Kf7 44. Nbc3 Ke6 45. Nb5 Rxd5 46. exd5+ Kxd5 47.
Kg3 f5 48. Kf2 Kc5 49. Re2 Kd5 50. Rc2 e4 51. fxe4+ fxe4 52. Ke3 Bb6+ 53. Kd2
e3+ 54. Ke2 Bc8 55. Rb2 Bf5 56. Nc3+ Kc6 57. Rb5 Bd3+ 58. Kf3 Bd4 59. Ne2 Bc5
60. Nc3 h5 61. g4 h4 62. Rb8 Bd6 63. Rb5 Bc5 64. Rb8 Bd6 65. Rb5 1/2-1/2

[Event "Druzynowe Mistrzostwa Polski - II Liga 2023"]
[Site "Jastrzebia Gora"]
[Date "1899-12-30"]
[Round "2.69"]
[White "Dalkowski, Rafal"]
[Black "Selbes, Tamer Tarik"]
[Result "0-1"]
[WhiteTitle "k"]
[BlackTitle "FM"]
[WhiteElo "2079"]
[BlackElo "2225"]

1. d4 Nf6 2. c4 g6 3. Nc3 Bg7 4. e4 d6 5. f3 O-O 6. Nge2 c5 7. d5 e6 8. Ng3 exd5
9. cxd5 a6 10. a4 h5 11. Bg5 Nbd7 12. Be2 Qb6 13. Qd2 Re8 14. O-O Nh7 15. Be3
h4 16. Nh1 f5 17. Nf2 Ne5 18. Rae1 Bd7 19. Bh6 Bf6 20. exf5 gxf5 21. Nh3 Qb4 22.
Kh1 Nf7 23. Be3 Rxe3 24. Qxe3 Qxb2 25. Nd1 Qb4 26. Nf4 Re8 27. Qc1 Bg5 28. g3
hxg3 29. hxg3 Nf6 30. Nc3 Nh5 31. Rg1 Kh7 32. Bd3 Nxg3+ 33. Rxg3 Qxf4 34. Rh3+
Kg7 35. Qa1 Rxe1+ 36. Qxe1 Ne5 37. Be2 Qd2 38. Qg1 Kf6 39. Rh7 Be8 40. Qa1 Be3
41. f4 Bxf4 42. Qf1 Bf7 43. Qg2 Qxc3 44. Qg7+ Ke7 45. Bh5 Qh3+ 46. Kg1 Be3# 0-1

[Event "Druzynowe Mistrzostwa Polski - II Liga 2023"]
[Site "Jastrzebia Gora"]
[Date "1899-12-30"]
[Round "2.70"]
[White "Bajerlein, Dawid"]
[Black "Haliniak, Wojciech"]
[Result "0-1"]
[WhiteTitle "k+"]
[BlackTitle "I"]
[WhiteElo "2064"]
[BlackElo "1870"]

1. d4 Nf6 2. c4 c5 3. d5 b5 4. Nd2 g6 5. e4 bxc4 6. Bxc4 d6 7. b3 Bg7 8. Bb2 O-O
9. Ngf3 e5 10. dxe6 Bxe6 11. O-O Nbd7 12. Qc2 Re8 13. Rfe1 Qc7 14. Rad1 Nb6 15.
e5 Bf5 16. Bd3 Bxd3 17. Qxd3 dxe5 18. Bxe5 Qc6 19. Nc4 Nbd5 20. a4 Nb4 21. Qd6
Re6 22. Qxc6 Nxc6 23. Bd6 Ne4 24. Bf4 Nd4 25. Nxd4 cxd4 26. f3 Nc5 27. Rxe6 fxe6
28. Re1 Nd3 29. Re4 Nxf4 30. Rxf4 Rb8 31. Na5 d3 32. Kf1 Bc3 33. b4 Rc8 34. Re4
Bxb4 35. Rxb4 Rc1+ 36. Kf2 d2 37. Nb3 d1=Q 38. Rb8+ Kf7 39. Nxc1 Qxc1 40. Rb7+
Kf6 41. Kg3 Qe1+ 42. Kh3 Qa5 0-1

[Event "Druzynowe Mistrzostwa Polski - II Liga 2023"]
[Site "Jastrzebia Gora"]
[Date "1899-12-30"]
[Round "2.72"]
[White "Kostecka, Marika"]
[Black "Matskevich, Varvara"]
[Result "1/2-1/2"]
[WhiteTitle "WCM"]
[BlackTitle "I++"]
[WhiteElo "1928"]
[BlackElo "1690"]

1. e4 c5 2. Nf3 Nc6 3. d4 cxd4 4. Nxd4 Qb6 5. Nb3 e6 6. Nc3 Nf6 7. Qe2 Bb4 8. Bd2
O-O 9. a3 Bd6 10. O-O-O a6 11. f4 e5 12. f5 Nd4 13. Nxd4 exd4 14. Nd5 Nxd5 15.
exd5 f6 16. g4 Be5 17. Qd3 d6 18. Bg2 Bd7 19. Be4 Rac8 20. g5 Ba4 21. Qf3 Bxc2
22. Bxc2 d3 23. Bc3 dxc2 24. Rd3 Bxc3 25. Rxc3 Qd4 26. gxf6 Qxf6 27. Rf1 Qh6+
28. Qf4 Qxf4+ 29. Rxf4 Rxc3 30. bxc3 Re8 31. f6 Rf8 32. Rb4 b5 33. fxg7 Rf2 34.
a4 Kxg7 35. axb5 axb5 36. Rh4 Rg2 37. Rh3 Kf6 38. Rxh7 Ke5 39. Rh4 Rf2 40. h3
Kxd5 41. Rd4+ Kc5 42. h4 Rh2 43. Rg4 Rf2 44. Rd4 Rh2 1/2-1/2

[Event "Druzynowe Mistrzostwa Polski - II Liga 2023"]
[Site "Jastrzebia Gora"]
[Date "1899-12-30"]
[Round "2.74"]
[White "Garbowski, Jakub"]
[Black "Malinowski, Szymon"]
[Result "1-0"]
[WhiteTitle "k"]
[BlackTitle "I++"]
[WhiteElo "2129"]
[BlackElo "1902"]

1. Nf3 d5 2. g3 Bg4 3. Bg2 e6 4. c4 c6 5. d3 f5 6. Qb3 Qb6 7. Be3 Qxb3 8. axb3
a6 9. O-O Bd6 10. Nc3 Nf6 11. cxd5 cxd5 12. Nb5 Kd7 13. Nxd6 Kxd6 14. Bf4+ Ke7
15. Ne5 Nc6 16. Nxc6+ bxc6 17. Rfc1 Rhc8 18. Rc2 Nd7 19. e4 Nf6 20. exd5 exd5
21. d4 Kd7 22. f3 Bh5 23. Kf2 Ra7 24. Bf1 Rca8 25. Bd3 Bg6 26. Rc5 Rb7 27. Ra3
Nh5 28. Be5 f4 29. Bxa6 fxg3+ 30. hxg3 Rb6 31. Rca5 Nf6 32. Bf1 Rxa5 33. Bh3+
Ke7 34. Rxa5 Rb7 35. Bc8 Rxb3 36. Ra7+ Kd8 37. Be6 Rxb2+ 38. Kg1 Re2 39. Rxg7
Nh5 40. Rd7+ Ke8 41. Bg4 Rc2 42. Rc7 Kd8 43. Bd6 Ke8 44. Be6 1-0

[Event "Druzynowe Mistrzostwa Polski - II Liga 2023"]
[Site "Jastrzebia Gora"]
[Date "1899-12-30"]
[Round "2.75"]
[White "Twardowski, Hubert"]
[Black "Stachanczyk, Jacek"]
[Result "0-1"]
[WhiteTitle "I+"]
[BlackTitle "IM"]
[WhiteElo "1853"]
[BlackElo "2126"]

1. e4 c5 2. Nf3 d6 3. d4 cxd4 4. Nxd4 Nf6 5. Nc3 Nc6 6. Bc4 Qb6 7. Nb3 e6 8. Be3
Qc7 9. O-O a6 10. a4 b6 11. f4 Bb7 12. a5 b5 13. Bb6 Qd7 14. Bd3 Be7 15. Qe2 e5
16. f5 h5 17. Rad1 Rc8 18. Nd5 Nb8 19. c4 bxc4 20. Bxc4 Qa4 21. Nc7+ Kf8 22. Nd2
Qd7 23. Nxa6 Nc6 24. b4 d5 25. Nb3 Nxb4 26. Nbc5 Qc6 27. Bb5 Bxa6 28. Nxa6 Qc3
29. Nxb4 Bxb4 30. Rf3 Bc5+ 31. Kh1 Qb4 32. Ba6 Rb8 33. Bxc5+ Qxc5 34. exd5 e4
35. Rff1 Nxd5 36. Qxe4 Nf6 37. Qd3 Kg8 38. Ra1 Kh7 39. Rfc1 Qe5 40. h3 Ne4 41.
Qf3 Ng3+ 42. Kg1 Rhe8 43. Bc4 Rb2 44. a6 Qd4+ 45. Kh2 Re3 46. Qd5 Qf4 47. Kg1
Qf2+ 48. Kh2 Ne4 49. Bf1 Rxh3+ 0-1

[Event "Druzynowe Mistrzostwa Polski - II Liga 2023"]
[Site "Jastrzebia Gora"]
[Date "1899-12-30"]
[Round "2.76"]
[White "Musial, Igor"]
[Black "Chmura, Eryk"]
[Result "1-0"]
[WhiteTitle "I+"]
[BlackTitle "I++"]
[WhiteElo "2021"]
[BlackElo "1752"]

1. e4 c5 2. Nf3 Nc6 3. d4 cxd4 4. Nxd4 g6 5. c4 Nf6 6. Nc3 d6 7. f3 Nxd4 8. Qxd4
Bg7 9. Be3 O-O 10. Qd2 Be6 11. Rc1 Qa5 12. b3 Rfc8 13. Bd3 a6 14. Ne2 Qxd2+ 15.
Kxd2 Nd7 16. Nf4 Bb2 17. Rb1 Ba3 18. Bd4 Nc5 19. h4 Bb4+ 20. Ke2 b5 21. Nd5 Bxd5
22. cxd5 Nd7 23. Rbc1 Ba3 24. Rxc8+ Rxc8 25. h5 f6 26. hxg6 hxg6 27. f4 Rc1 28.
Rxc1 Bxc1 29. g3 Nc5 30. Bc2 Ba3 31. Bc3 Bc1 32. b4 Nd7 33. a4 g5 34. axb5 axb5
35. fxg5 fxg5 36. Bd3 Nf6 37. Bxb5 Nxe4 38. Be1 Ba3 39. Kd3 Nf6 40. Bc6 Ng4 41.
Kc3 Bc1 42. Bd7 Ne5 43. Be6+ Kf8 44. Bf2 Ke8 45. b5 Ba3 46. Kb3 Bc1 47. b6 Kd8
48. Ka4 Nd3 49. Bd4 Nc5+ 50. Kb5 Nxe6 51. dxe6 Bd2 52. Kc6 Kc8 53. b7+ Kb8 54.
Ba7+ Kxa7 55. Kc7 Ba5+ 56. Kc8 1-0

[Event "Druzynowe Mistrzostwa Polski - II Liga 2023"]
[Site "Jastrzebia Gora"]
[Date "1899-12-30"]
[Round "2.77"]
[White "Hladun, Bartlomiej"]
[Black "Krol, Rafal"]
[Result "0-1"]
[WhiteTitle "I"]
[BlackTitle "I++"]
[WhiteElo "1693"]
[BlackElo "2018"]

1. Nf3 Nf6 2. c4 e6 3. b3 d5 4. e3 Be7 5. Bb2 O-O 6. Nc3 c5 7. cxd5 exd5 8. Qc2
Nc6 9. a3 Bg4 10. Be2 Rc8 11. h3 Bh5 12. O-O d4 13. Na2 Bg6 14. d3 dxe3 15. fxe3
Nh5 16. Rad1 Ng3 17. Rfe1 Re8 18. Nc3 Bd6 19. Nb5 Rxe3 20. Nxd6 Qxd6 21. Bc1 Re7
22. Bf1 Rxe1 23. Nxe1 Nd4 24. Qf2 Nxf1 25. Kxf1 Nxb3 26. Bf4 Qd7 27. Qb2 Nd4 28.
Qc3 Qf5 29. Qd2 Re8 30. g4 Qd5 31. Qh2 Re2 32. Qg1 Rxe1+ 33. Rxe1 Bxd3+ 34. Kf2
Qf3# 0-1

[Event "Druzynowe Mistrzostwa Polski - II Liga 2023"]
[Site "Jastrzebia Gora"]
[Date "1899-12-30"]
[Round "2.78"]
[White "Pluta, Natalia"]
[Black "Filipska, Maja"]
[Result "0-1"]
[WhiteTitle "I++"]
[BlackTitle "I++"]
[WhiteElo "1823"]
[BlackElo "1763"]

1. c4 e5 2. g3 Nc6 3. Bg2 g6 4. Nc3 Bg7 5. e3 d6 6. Nge2 h5 7. h4 Bg4 8. Rb1 a5
9. a3 Nf6 10. Qa4 Bd7 11. Qc2 O-O 12. O-O Qc8 13. Re1 Bh3 14. Bf3 Re8 15. Nd5
e4 16. Nxf6+ Bxf6 17. Bxe4 Rxe4 18. Qxe4 Bf5 19. Qf3 Ne5 20. Qd5 Bxb1 21. Nf4
Bf5 22. d4 Nd3 23. Nxd3 Bxd3 24. e4 Bg7 25. Qb5 Bc2 26. c5 a4 27. Bf4 dxc5 28.
Qxc5 Bb3 29. d5 Bxb2 30. Rb1 Bg7 31. Bxc7 Bf8 32. d6 Ra6 33. Rc1 Rc6 34. Qe3 Rxc1+
35. Qxc1 Bxd6 0-1

[Event "Druzynowe Mistrzostwa Polski - II Liga 2023"]
[Site "Jastrzebia Gora"]
[Date "1899-12-30"]
[Round "2.79"]
[White "Janocha, Wieslaw"]
[Black "Klepek, Witold"]
[Result "1/2-1/2"]
[WhiteTitle "FM"]
[BlackTitle "k++"]
[WhiteElo "2208"]
[BlackElo "2299"]

1. e4 e6 2. d4 d5 3. Nd2 c5 4. exd5 Qxd5 5. Ngf3 cxd4 6. Bc4 Qd6 7. O-O Nf6 8.
Nb3 Nc6 9. Nbxd4 Nxd4 10. Qxd4 Qxd4 11. Nxd4 Bd7 12. Bf4 Rc8 13. Bb3 Bc5 14. Rad1
O-O 15. Rfe1 Rfd8 16. c3 b5 17. a3 a5 18. h3 Ra8 19. Bc7 Rdc8 20. Be5 Ra7 21.
Nc2 Kf8 22. Bd4 Ke7 23. Re5 Rac7 24. f3 h6 25. Kf2 Bxd4+ 26. Rxd4 Rc5 27. Re2
Bc6 28. Ne3 Rd8 29. Red2 Rxd4 30. Rxd4 Ne8 31. Ke2 Nd6 32. Ba2 g5 33. Kd2 Bb7
34. Rd3 f5 35. Ke2 h5 36. Kf2 f4 37. Nc2 e5 38. Rd1 e4 39. Nd4 e3+ 40. Ke2 Re5
41. Bb3 Nf5 42. Nxf5+ Rxf5 43. Rd4 Bc6 44. Bc2 Rd5 45. Rxd5 Bxd5 46. b4 Bc4+ 47.
Ke1 a4 48. Bg6 h4 49. Bh7 Kf6 50. Be4 Ke6 51. Bh7 Ke5 52. Bg6 Bd5 53. Bd3 Bc6
54. Ke2 Bd7 1/2-1/2

[Event "Druzynowe Mistrzostwa Polski - II Liga 2023"]
[Site "Jastrzebia Gora"]
[Date "1899-12-30"]
[Round "2.80"]
[White "Musial, Tomasz"]
[Black "Wieczorek, Mikolaj"]
[Result "1-0"]
[WhiteTitle "CM"]
[BlackTitle "I++"]
[WhiteElo "2184"]
[BlackElo "1903"]

1. e4 c5 2. Nf3 Nc6 3. Bb5 g6 4. Bxc6 bxc6 5. O-O Bg7 6. Re1 e5 7. c3 Ne7 8. d4
cxd4 9. cxd4 exd4 10. Nxd4 O-O 11. Nc3 Qc7 12. Bg5 Re8 13. Rc1 Qa5 14. Bf4 Qb4
15. Nb3 d5 16. a3 Qb7 17. exd5 cxd5 18. Na4 Bg4 19. f3 Be6 20. Nbc5 Qb5 21. Nxe6
fxe6 22. Rxe6 Nf5 23. Rxe8+ Rxe8 24. Nc3 Qxb2 25. Qxd5+ Kh8 26. Ne4 Qxa3 27. h3
Ne3 28. Qd2 Nf5 29. Kh2 Qb2 30. Qxb2 Bxb2 31. Rc7 Be5 32. Bxe5+ Rxe5 33. Rxa7
Re7 34. Ra4 Kg7 35. g4 Ne3 36. Kg3 Nd5 37. h4 Nf6 38. Nc5 Kf7 39. Ra6 Nd7 40.
Ne4 Nf8 41. h5 Kg7 42. Nd6 Ne6 43. g5 h6 44. Nc8 Re8 45. Ra7+ Kh8 46. Nd6 Rg8
47. Nf7+ Kg7 48. Nxh6+ 1-0

[Event "Druzynowe Mistrzostwa Polski - II Liga 2023"]
[Site "Jastrzebia Gora"]
[Date "1899-12-30"]
[Round "2.81"]
[White "Gibala, Adam"]
[Black "Zarnowski, Krzysztof"]
[Result "0-1"]
[WhiteTitle "I"]
[BlackTitle "k"]
[WhiteElo "1828"]
[BlackElo "2113"]

1. d4 d5 2. c4 e6 3. g3 Nf6 4. Bg2 Bb4+ 5. Bd2 Be7 6. Qc2 O-O 7. Nf3 Nbd7 8. O-O
c6 9. Bf4 b6 10. Nbd2 Ba6 11. Rac1 Rc8 12. Qa4 Bxc4 13. Nxc4 dxc4 14. Qxc4 c5
15. Ne5 Nxe5 16. dxe5 Nd7 17. h4 Qc7 18. Qc3 b5 19. Be4 Rfd8 20. h5 c4 21. g4
Bf6 22. Qc2 h6 23. Bxh6 gxh6 24. exf6 Qf4 25. Bf3 Nxf6 26. Kh1 Rd2 27. Qc3 e5
28. Rg1 Rcd8 29. Rg3 e4 30. Re1 R8d6 31. e3 Qg5 32. Be2 Qc5 33. a3 a5 34. Qxa5
Rxb2 35. g5 hxg5 36. Reg1 Nh7 37. Qa8+ Kg7 38. Re1 Qd5 39. Qe8 Re6 40. Qb8 Rxe2
41. Rxe2 Qd1+ 42. Kg2 Qxe2 43. h6+ Rxh6 44. Qxb5 Rf6 0-1

[Event "Druzynowe Mistrzostwa Polski - II Liga 2023"]
[Site "Jastrzebia Gora"]
[Date "1899-12-30"]
[Round "2.82"]
[White "Wilk, Tomasz"]
[Black "Nagly, Wojciech"]
[Result "0-1"]
[WhiteTitle "I++"]
[BlackTitle "I"]
[WhiteElo "1952"]
[BlackElo "1833"]

1. e4 c5 2. Nc3 g6 3. f4 Nc6 4. Nf3 Bg7 5. Bb5 Nd4 6. O-O a6 7. Bc4 d6 8. d3 b5
9. Bd5 Rb8 10. Be3 Nf6 11. Bb3 Ng4 12. Bd2 O-O 13. h3 Nxf3+ 14. Qxf3 Bd4+ 15.
Kh1 Nf6 16. Rae1 Qc7 17. a3 Bd7 18. f5 c4 19. Ba2 Kh8 20. Nd1 gxf5 21. c3 Ba7
22. Bb1 Rg8 23. Ne3 Bxe3 24. Bxe3 cxd3 25. Qd1 Nxe4 26. Rf3 Bc6 27. Bxd3 Rg6 28.
Bf4 Rbg8 29. Bf1 Qb7 30. Qc2 e5 31. Bh2 Nf6 32. Qxf5 Bxf3 33. gxf3 Qb6 34. Bg2
Qf2 35. Rg1 Ne8 0-1

[Event "Druzynowe Mistrzostwa Polski - II Liga 2023"]
[Site "Jastrzebia Gora"]
[Date "1899-12-30"]
[Round "2.83"]
[White "Dobrowolski, Kamil"]
[Black "Slezinski, Nikodem"]
[Result "0-1"]
[WhiteTitle "II+"]
[BlackTitle "I++"]
[WhiteElo "1648"]
[BlackElo "1970"]

1. e4 c5 2. Nf3 Nc6 3. d4 cxd4 4. Nxd4 g6 5. Nc3 Bg7 6. Be3 Nf6 7. Nb3 d6 8. Qd2
Ng4 9. Bg5 a5 10. a4 h6 11. Bf4 Be6 12. f3 Nge5 13. O-O-O Rc8 14. Bb5 Nc4 15.
Qd3 N4e5 16. Qd2 g5 17. Be3 Bc4 18. Qf2 O-O 19. Bb6 Qd7 20. Bxc6 Nxc6 21. Nd4
Be6 22. g4 Ne5 23. Bxa5 Nc4 24. Bb4 Be5 25. h4 Ne3 26. Rd3 Rc4 27. Nxe6 Qxe6 28.
Rxe3 Rxb4 29. hxg5 Bf4 30. Rxh6 Qe5 31. Rh5 Qd4 32. Nd5 Qxb2+ 33. Kd1 Rd4+ 34.
Ke2 Rxd5 35. exd5 Rc8 36. Kf1 Bxe3 37. Qxe3 Rxc2 0-1

[Event "Druzynowe Mistrzostwa Polski - II Liga 2023"]
[Site "Jastrzebia Gora"]
[Date "1899-12-30"]
[Round "2.84"]
[White "Hampel, Anna"]
[Black "Popczynska, Michalina"]
[Result "1-0"]
[WhiteTitle "I++"]
[BlackTitle "I"]
[WhiteElo "1644"]
[BlackElo "1502"]

1. e4 c5 2. Nf3 e6 3. d4 cxd4 4. Nxd4 a6 5. Nc3 Qc7 6. Be2 Nf6 7. O-O d6 8. Kh1
b5 9. a4 b4 10. Na2 Nxe4 11. Nxb4 Qc5 12. c3 e5 13. Nd3 Qc7 14. Nc2 Bb7 15. Ndb4
Nd7 16. Be3 Nef6 17. a5 Nc5 18. Ne1 d5 19. Ned3 Nxd3 20. Bxd3 d4 21. Qa4+ Kd8
22. cxd4 Ng4 23. Rac1 Qd6 24. dxe5 Bxg2+ 25. Kg1 Qxb4 26. Bb6+ Qxb6 27. axb6 Bxf1
28. Bxf1 h5 29. Rc7 Rh6 30. Qd7# 1-0

[Event "Druzynowe Mistrzostwa Polski - II Liga 2023"]
[Site "Jastrzebia Gora"]
[Date "1899-12-30"]
[Round "2.85"]
[White "Balinski, Damian"]
[Black "Chaczynski, Kamil"]
[Result "1-0"]
[WhiteTitle "k"]
[BlackTitle "k"]
[WhiteElo "2196"]
[BlackElo "2165"]

1. c4 e6 2. Nc3 d5 3. d4 Be7 4. Nf3 Nf6 5. Bg5 h6 6. Bh4 O-O 7. e3 Nbd7 8. Rc1
c5 9. dxc5 dxc4 10. c6 bxc6 11. Bxc4 Qa5 12. O-O c5 13. Qe2 Bb7 14. Rfd1 Nb6 15.
Bb5 Rfd8 16. Ne5 Rxd1+ 17. Rxd1 Rc8 18. f3 g5 19. Be1 c4 20. Nd5 Qxb5 21. Nxe7+
Kg7 22. Nxc8 Bxc8 23. f4 Ba6 24. Bc3 Nbd5 25. Bd4 gxf4 26. exf4 Kf8 27. Qf2 Qa4
28. Bc5+ Ke8 29. Re1 c3 30. bxc3 Nxf4 31. Bb4 N6d5 32. Qxa7 Ne2+ 33. Kh1 Nxb4
34. Qxf7+ Kd8 35. cxb4 1-0

[Event "Druzynowe Mistrzostwa Polski - II Liga 2023"]
[Site "Jastrzebia Gora"]
[Date "1899-12-30"]
[Round "2.86"]
[White "Kempinski, Tomasz"]
[Black "Zerebiec, Maurycy"]
[Result "1-0"]
[WhiteTitle "FM"]
[BlackTitle "I++"]
[WhiteElo "2163"]
[BlackElo "1971"]

1. d4 Nf6 2. c4 e6 3. Nf3 Bb4+ 4. Bd2 Qe7 5. a3 Bxd2+ 6. Qxd2 d6 7. Nc3 O-O 8.
e4 e5 9. d5 Bg4 10. Be2 a5 11. h3 Bxf3 12. Bxf3 Na6 13. Rb1 c6 14. O-O cxd5 15.
cxd5 Rfc8 16. Rfc1 Qd7 17. Qe2 a4 18. g4 g5 19. h4 h6 20. hxg5 hxg5 21. Qe3 Nh7
22. Kg2 f6 23. Rh1 Nf8 24. Rh6 Qg7 25. Rbh1 Nc5 26. Ne2 Ng6 27. Ng3 Nd3 28. Rxg6
Nf4+ 29. Qxf4 Qxg6 30. Qe3 Ra6 31. Nf5 Rc7 32. Be2 Ra8 33. Rh6 1-0

[Event "Druzynowe Mistrzostwa Polski - II Liga 2023"]
[Site "Jastrzebia Gora"]
[Date "1899-12-30"]
[Round "2.87"]
[White "Grzesik, Norbert"]
[Black "Walkusz, Witoslaw"]
[Result "0-1"]
[WhiteTitle "I++"]
[BlackTitle "FM"]
[WhiteElo "1857"]
[BlackElo "2038"]

1. e4 c6 2. d4 d5 3. e5 Bf5 4. Nf3 e6 5. Be2 Nd7 6. O-O h6 7. b3 Ne7 8. c4 c5 9.
Be3 dxc4 10. dxc5 Nd5 11. Bxc4 Nxe3 12. fxe3 Bxc5 13. Nd4 Bxd4 14. exd4 O-O 15.
Nc3 a6 16. Qf3 b5 17. Be2 Rc8 18. Ne4 Qb6 19. Nd6 Nxe5 20. Qe3 Qxd6 21. dxe5 Qc5
22. Rf3 Rfd8 23. a4 Bg4 24. Qxc5 Rxc5 25. Re3 Bxe2 26. Rxe2 b4 27. Kf2 Rd3 28.
Rb1 Rcc3 29. Reb2 a5 30. h3 h5 31. Kf1 Kh7 0-1

[Event "Druzynowe Mistrzostwa Polski - II Liga 2023"]
[Site "Jastrzebia Gora"]
[Date "1899-12-30"]
[Round "2.88"]
[White "Bartkowiak, Damian"]
[Black "Kossobudzki, Robert"]
[Result "0-1"]
[WhiteTitle "k"]
[BlackTitle "I"]
[WhiteElo "2074"]
[BlackElo "1965"]

1. d4 b5 2. Nf3 Nf6 3. Bg5 Bb7 4. Bxf6 gxf6 5. e3 a6 6. c4 bxc4 7. Bxc4 e6 8. O-O
d5 9. Bd3 Nd7 10. Nc3 f5 11. Rc1 c5 12. Qa4 c4 13. Be2 Bd6 14. b3 Rg8 15. bxc4
dxc4 16. Qxc4 Rxg2+ 17. Kxg2 Qg5+ 18. Kh1 Bxf3+ 0-1

[Event "Druzynowe Mistrzostwa Polski - II Liga 2023"]
[Site "Jastrzebia Gora"]
[Date "1899-12-30"]
[Round "2.89"]
[White "Meller, Piotr"]
[Black "Polarczyk, Pawel"]
[Result "1-0"]
[WhiteTitle "I"]
[BlackTitle "II+"]
[WhiteElo "1976"]
[BlackElo "1709"]

1. Nf3 c5 2. c4 Nc6 3. Nc3 e5 4. g3 g6 5. Bg2 Bg7 6. O-O Nge7 7. d3 O-O 8. Nd5
Nxd5 9. cxd5 Ne7 10. Nd2 d6 11. a4 b6 12. Nc4 h6 13. Bd2 f5 14. b4 f4 15. bxc5
bxc5 16. Ba5 Qd7 17. e4 Ba6 18. Bf3 Bc8 19. Rb1 Rf6 20. Qb3 Ba6 21. Bc3 Rf7 22.
Qd1 Bc8 23. Rb5 Kh7 24. Qb3 g5 25. Qd1 g4 26. Bxg4 Qxg4 27. Qxg4 Bxg4 28. Nxd6
Rff8 29. f3 Bh3 30. Rf2 fxg3 31. hxg3 Bc8 32. Rxc5 Ba6 33. Rc7 Ng6 34. f4 Kg8
35. f5 Nh8 36. Rf3 Rad8 37. Rc6 Bc8 38. Ba5 Bd7 39. Ra6 Bc8 40. Nxc8 Rxc8 41.
f6 Ng6 42. d6 Bh8 43. d7 Ra8 44. d8=Q Raxd8 45. f7+ Kg7 46. Bxd8 Rxf7 47. Rxf7+
Kxf7 48. Rxa7+ Ke8 49. Bh4 1-0

[Event "Druzynowe Mistrzostwa Polski - II Liga 2023"]
[Site "Jastrzebia Gora"]
[Date "1899-12-30"]
[Round "2.90"]
[White "Andrzejewska, Anna"]
[Black "Dwilewicz, Agata"]
[Result "1-0"]
[WhiteTitle "WCM"]
[BlackTitle "k"]
[WhiteElo "1944"]
[BlackElo "1769"]

1. e4 e5 2. Nf3 Nc6 3. d4 exd4 4. Bc4 Nf6 5. e5 Ng4 6. Bf4 Qe7 7. O-O b6 8. h3
Nh6 9. c3 Qc5 10. Bd3 dxc3 11. Nxc3 Bb7 12. Ne4 Qa5 13. Bxh6 Nxe5 14. Bd2 Qd5
15. Nxe5 Qxe5 16. Re1 O-O-O 17. Bc3 Qd5 18. Ba6 Qxd1 19. Bxb7+ Kxb7 20. Raxd1
f6 21. Re2 d5 22. Nxf6 c6 23. Nh5 Rg8 24. Bxg7 Bd6 25. g3 a5 26. a4 Bb4 27. Bf6
Rd7 28. Nf4 Rf7 29. Be5 Bc5 30. Kg2 Bb4 31. h4 Rd7 32. b3 Rgd8 33. Bf6 Rf8 34.
Bb2 Bd6 35. Ne6 Rg8 36. f4 Rf7 1-0

[Event "Druzynowe Mistrzostwa Polski - II Liga 2023"]
[Site "Jastrzebia Gora"]
[Date "1899-12-30"]
[Round "2.91"]
[White "Gierulski, Kamil"]
[Black "Mondrzycki, Bartlomiej"]
[Result "0-1"]
[WhiteTitle "k++"]
[BlackTitle "CM"]
[WhiteElo "2256"]
[BlackElo "2208"]

1. Nf3 d5 2. c4 e6 3. g3 Nf6 4. Bg2 Bd6 5. O-O O-O 6. d4 h6 7. Nc3 Nc6 8. c5 Be7
9. a3 Ne4 10. Bf4 g5 11. Bd2 f5 12. b4 Bf6 13. e3 a6 14. Ne2 Bd7 15. Bc1 Be8 16.
Bb2 Bh5 17. Ne5 Bg7 18. f3 Nf6 19. Nxc6 bxc6 20. Nc1 Qb8 21. Nd3 Nd7 22. Qd2 Qe8
23. Rae1 e5 24. e4 dxe4 25. fxe4 f4 26. gxf4 exf4 27. Bf3 Bxf3 28. Rxf3 Nf6 29.
Rff1 Rd8 30. Qc2 Qe6 31. Kh1 Ng4 32. e5 Ne3 33. Qe2 Nxf1 34. Rxf1 Kh8 35. a4 Qb3
36. a5 Rb8 37. h4 Qe6 38. hxg5 Qh3+ 39. Kg1 Qg3+ 40. Kh1 Qh3+ 41. Kg1 Rf5 42.
Nxf4 Rxf4 0-1

[Event "Druzynowe Mistrzostwa Polski - II Liga 2023"]
[Site "Jastrzebia Gora"]
[Date "1899-12-30"]
[Round "2.92"]
[White "Bronowicki, Mateusz"]
[Black "Babiarz, Arkadiusz"]
[Result "1-0"]
[WhiteTitle "FM"]
[BlackTitle "I++"]
[WhiteElo "2189"]
[BlackElo "2046"]

1. b3 b6 2. Bb2 Bb7 3. e3 e6 4. c4 Nf6 5. Nf3 d5 6. Be2 Nbd7 7. Nc3 c6 8. Qc2 Bd6
9. Rg1 Qc7 10. g4 Bxh2 11. Rh1 Bd6 12. g5 Ne4 13. Nxe4 dxe4 14. Qxe4 c5 15. Qc2
Ne5 16. Rh3 O-O-O 17. O-O-O f5 18. Nxe5 Bxe5 19. f4 Bxb2+ 20. Qxb2 Rd7 21. Bf3
Bxf3 22. Rxf3 Rhd8 23. Rh3 g6 24. Qe5 Qxe5 25. fxe5 Kc7 26. Rh2 Rf8 27. Rf1 Kc6
28. a4 a6 29. Rf4 Rff7 30. Kc2 a5 31. Rfh4 Rfe7 32. Kc3 Rg7 33. Rh1 Rge7 34. R1h3
Rg7 35. Rh2 Rge7 36. Kc2 Rg7 37. R2h3 Rge7 38. Rh1 Rg7 39. Kc3 Rge7 40. R1h2 Rg7
41. d4 Rge7 42. Rd2 Rg7 43. Rh1 Rd8 44. Rd3 Re7 45. Rhd1 cxd4+ 46. Rxd4 Red7 47.
Rxd7 Rxd7 48. Rxd7 Kxd7 49. b4 Kc6 50. Kb3 Kb7 51. c5 bxc5 52. bxa5 Ka6 53. Kc4
Kxa5 54. Kxc5 Kxa4 55. Kd6 Kb5 56. Kxe6 Kc6 57. Kf6 Kd7 58. Kf7 1-0

[Event "Druzynowe Mistrzostwa Polski - II Liga 2023"]
[Site "Jastrzebia Gora"]
[Date "1899-12-30"]
[Round "2.93"]
[White "Ziemniak, Piotr"]
[Black "Cajbel, Maciej"]
[Result "1/2-1/2"]
[WhiteTitle "I+"]
[BlackTitle "k"]
[WhiteElo "1793"]
[BlackElo "2151"]

1. e4 c5 2. Nf3 g6 3. d4 Bg7 4. Nc3 cxd4 5. Nxd4 Nc6 6. Be3 Nf6 7. Nxc6 bxc6 8.
e5 Nd5 9. Nxd5 cxd5 10. Qxd5 Rb8 11. Bc4 O-O 12. Bxa7 Bb7 13. Qd2 Ra8 14. Bd4
Qc7 15. Qc3 Rfc8 16. Bxf7+ Kxf7 17. e6+ dxe6 18. Bxg7 Qb6 19. Bd4 Rxc3 20. Bxb6
Rxc2 21. Bd4 Ra4 22. Be3 Bxg2 23. Rg1 Bd5 24. Rg3 Rxb2 25. a3 h5 26. h3 h4 27.
Rg4 Rxg4 28. hxg4 e5 29. Kf1 Bf3 30. g5 Ke6 31. Kg1 Kf5 32. Kh2 Rc2 33. a4 Bb7
34. a5 Ba6 35. Kh3 Rc4 36. Kh2 Rb4 37. Kh3 Rc4 38. Kh2 Kg4 39. Ra3 Rb4 40. Ra1
Kf5 41. Kh3 1/2-1/2

[Event "Druzynowe Mistrzostwa Polski - II Liga 2023"]
[Site "Jastrzebia Gora"]
[Date "1899-12-30"]
[Round "2.94"]
[White "Piotrowski, Przemyslaw"]
[Black "Wozniak, Grzegorz"]
[Result "1-0"]
[WhiteTitle "FM"]
[BlackTitle "I"]
[WhiteElo "2258"]
[BlackElo "1638"]

1. Nf3 Nf6 2. d4 e6 3. g3 d5 4. Bg2 c5 5. O-O Nc6 6. c4 Be7 7. Nc3 cxd4 8. Nxd4
O-O 9. cxd5 exd5 10. b3 Bc5 11. Nxc6 bxc6 12. Bb2 Ba6 13. Rc1 Rc8 14. Na4 Bb6
15. Re1 Ba5 16. Bc3 Bxc3 17. Rxc3 Qa5 18. Qc1 Bb5 19. Nc5 Qxa2 20. b4 a5 21. Rc2
Qxc2 22. Qxc2 axb4 23. Rb1 Ra8 24. Bf1 Ra3 25. Rxb4 Rfa8 26. Kg2 d4 27. Rxd4 Nd5
28. Nd3 h6 29. Ne5 Rc3 30. Qf5 Nf6 31. e4 c5 32. Rd6 c4 33. Nxf7 Ba6 34. Nxh6+
Kf8 1-0

[Event "Druzynowe Mistrzostwa Polski - II Liga 2023"]
[Site "Jastrzebia Gora"]
[Date "1899-12-30"]
[Round "2.95"]
[White "Wasik, Roman"]
[Black "Stelmaszuk, Maciej"]
[Result "0-1"]
[WhiteTitle "I"]
[BlackTitle "I+"]
[WhiteElo "1381"]
[BlackElo "1944"]

1. Nf3 Nf6 2. c4 g6 3. d4 c5 4. Nc3 Bg7 5. Bf4 cxd4 6. Nxd4 d6 7. Nc2 Nc6 8. Rb1
Bf5 9. f3 Bxc2 10. Qxc2 O-O 11. e4 e6 12. Qd2 d5 13. cxd5 exd5 14. exd5 Re8+ 15.
Kd1 Nb4 16. Bc4 Rc8 17. Bb3 Rxc3 18. bxc3 Nbxd5 19. Bg5 Nxc3+ 20. Kc2 Re2 21.
Qxe2 Nxe2 22. Bc4 Nd4+ 23. Kc3 Nd5+ 24. Bxd5 Qxd5 25. Be3 Nf5+ 26. Kb4 Nxe3 27.
Rhc1 a5+ 28. Ka3 b5 29. Rb3 Nc4+ 0-1